01136nam a2200265 a 450000100060000000300080000600500170001400800410003103500190007204000280009104100080011908200250012710000300015224502460018226000560042830000280048449000380051250000810055050400410063165000260067265000380069865000300073670000660076683000380083258069BD-RjUL20211209080601.0161512s1964 xx b 000 0 eng  a(BD-RjUL)58193 aDLCcMNoWdBD-RjULbeng aeng 223a001.09bGHC 19640 aGhazzālī,d1058-1111.10aGhazālīs̕ book of counsel for kingsb(Nasīhat al-mulūk)cTranslated by F.R.C Bagley from the Persian text edited by Jalāl Humāī̕ and the Bodelian Arabic text edited by H.D. Isaacs, with introd., notes, and biographical index. aLondon, New York :bOxford University Press,cc1964 alxxiv, 197 p. ;c22 cm.0 aUniversity of Durham publications aTranslated from the authors̕ al-Tibr al-masbūk fī nasīhat al-mulūk. aIncludes bibliographical references. 0aEducation of princes. 0aKings and rulersxReligious life. 0aKings and rulers xDuties1 aBagley, F. R. C.q(Frank Ronald Charles),d1915-eed. and tr. aUniversity of Durham publications